[Event "World Rapid 2023"]
[Site "Samarkand UZB"]
[Date "2023.12.28"]
[EventDate "2023.12.26"]
[Round "12.58"]
[Result "0-1"]
[White "Mukhammadzokhid Suyarov"]
[Black "Anton Demchenko"]
[WhiteElo "2359"]
[BlackElo "2609"]
[PlyCount "110"]

1. d4 Nf6 2. Nc3 d5 3. Bf4 c5 4. e4 Nxe4 5. Nxe4 dxe4 6. dxc5 Qa5+ 7. c3 Qxc5 8.
Qa4+ Nc6 9. Qxe4 g6 10. Nf3 Bg7 11. Qe3 Qxe3+ 12. Bxe3 Be6 13. Ng5 Bd5 14. c4
Be6 15. Nxe6 fxe6 16. O-O-O Rc8 17. Kb1 Kf7 18. Be2 b6 19. f4 Rhd8 20. h4 Bd4
21. Bc1 Bf6 22. h5 Rxd1 23. Bxd1 Nd4 24. Bb3 b5 25. hxg6+ hxg6 26. cxb5 Nxb3 27.
axb3 Rb8 28. Bd2 Rxb5 29. Kc2 e5 30. fxe5 Bxe5 31. Ra1 Bd4 32. Bc3 Bb6 33. g4
Rd5 34. Rf1+ Ke6 35. Rf8 Kd7 36. Rf7 Rd6 37. Rf4 Re6 38. b4 Re2+ 39. Kd3 Rg2 40.
b5 Ke6 41. Kc4 Re2 42. Kd3 Re3+ 43. Kc4 g5 44. Rf5 Re4+ 45. Kd3 Rxg4 46. Re5+
Kd7 47. Bd2 Rg3+ 48. Kc4 g4 49. Bg5 e6 50. Re4 Rg2 51. b3 Rg1 52. Kd3 Rd1+ 53.
Ke2 Rd4 54. Ke3 Rd5+ 55. Kf4 g3 0-1

[Event "World Rapid 2023"]
[Site "Samarkand UZB"]
[Date "2023.12.28"]
[EventDate "2023.12.26"]
[Round "12.59"]
[Result "1-0"]
[White "Chithambaram VR Aravindh"]
[Black "Kazybek Nogerbek"]
[WhiteElo "2646"]
[BlackElo "2483"]
[PlyCount "80"]

1. d4 Nf6 2. Nf3 d5 3. c3 c6 4. Bf4 Bf5 5. e3 e6 6. Nbd2 Nbd7 7. Be2 h6 8. h3
Be7 9. O-O O-O 10. a4 a5 11. Ne1 Qb6 12. Bd3 Bxd3 13. Nxd3 c5 14. Rb1 Bd6 15.
Nf3 Bxf4 16. exf4 Ne4 17. g3 Rfc8 18. Kg2 Rab8 19. Re1 Ndf6 20. Nde5 Nd6 21. g4
Qc7 22. dxc5 Qxc5 23. Nd4 Qc7 24. h4 Nd7 25. Nd3 b5 26. g5 Qd8 27. Qg4 Qf8 28.
Nxe6 fxe6 29. Qxe6+ Qf7 30. Qxd6 Rb6 31. Qe7 Qf5 32. Qe3 bxa4 33. Ra1 Rc4 34.
Qh3 Qxh3+ 35. Kxh3 d4 36. Re4 Rb3 37. Kg4 Nb6 38. Re8+ Kf7 39. Rae1 Nc8 40. R1e6 1-0

[Event "World Rapid 2023"]
[Site "Samarkand UZB"]
[Date "2023.12.28"]
[EventDate "2023.12.26"]
[Round "12.60"]
[Result "0-1"]
[White "Nodirbek Yakubboev"]
[Black "Venkataraman Karthik"]
[WhiteElo "2661"]
[BlackElo "2609"]
[PlyCount "64"]

1. Nf3 d5 2. b3 Bf5 3. Bb2 c5 4. e3 Nc6 5. Bb5 Qb6 6. c4 dxc4 7. Bxc4 e6 8. O-O
Nf6 9. Nh4 Bg6 10. Nc3 Rd8 11. Nxg6 hxg6 12. Be2 Qc7 13. g3 Qd7 14. Bf3 Ne5 15.
Bg2 Nd3 16. Rb1 g5 17. Ba1 Be7 18. Qe2 b6 19. f4 gxf4 20. gxf4 Rh6 21. Rf3 e5
22. Rbf1 exf4 23. exf4 Kf8 24. Re3 Rh4 25. Nd5 Nxd5 26. Rxd3 Nxf4 27. Bxg7+ Kg8
28. Rxf4 Qxd3 29. Qxd3 Rxd3 30. Rxh4 Bxh4 31. Bh6 f6 32. Bf1 Rd8 0-1

[Event "World Rapid 2023"]
[Site "Samarkand UZB"]
[Date "2023.12.28"]
[EventDate "2023.12.26"]
[Round "12.61"]
[Result "0-1"]
[White "Ramazan Zhalmakhanov"]
[Black "Manuel Petrosyan"]
[WhiteElo "2493"]
[BlackElo "2619"]
[PlyCount "122"]

1. Nc3 e5 2. Nf3 Nc6 3. d4 exd4 4. Nxd4 Nxd4 5. Qxd4 Qf6 6. Qd3 Bb4 7. Bd2 Ne7
8. e4 O-O 9. Be2 d5 10. exd5 Bf5 11. Qc4 Bd6 12. O-O-O Qg6 13. h4 h5 14. Rdg1 c6
15. g4 cxd5 16. Qa4 hxg4 17. Bxg4 Be5 18. Bxf5 Qxf5 19. Rg5 Qf3 20. Rxe5 b5 21.
Qf4 Qxh1+ 22. Re1 Qg2 23. Rxe7 d4 24. Qxd4 Rad8 25. Qf4 a5 26. b3 b4 27. Ne4 Rc8
28. Kb2 Qg6 29. Re5 Rfe8 30. Be3 Qc6 31. Nc5 Rxe5 32. Qxe5 Re8 33. Qd4 Qf3 34.
Qd7 Re5 35. Qd8+ Kh7 36. Qd3+ Kg8 37. Bd4 Qf4 38. a4 Rd5 39. Ne4 f5 40. Qg3 Qxg3
41. Nxg3 Rxd4 42. Nxf5 Rd7 43. Ne3 Kf7 44. Nc4 Rd5 45. c3 Ke6 46. cxb4 axb4 47.
Kc2 Rf5 48. a5 Rxf2+ 49. Kd3 Kd5 50. Ne3+ Kc5 51. a6 Ra2 52. h5 Rxa6 53. Nf5 Ra3
54. Kc2 Ra2+ 55. Kd3 Rg2 56. Ke4 Rg5 57. Kf4 Rxh5 58. Nxg7 Rh3 59. Ne6+ Kd5 60.
Nc7+ Kd4 61. Nb5+ 0-1

[Event "World Rapid 2023"]
[Site "Samarkand UZB"]
[Date "2023.12.28"]
[EventDate "2023.12.26"]
[Round "12.38"]
[Result "0-1"]
[White "Benjamin Haldorsen"]
[Black "Arystanbek Urazayev"]
[WhiteElo "2445"]
[BlackElo "2472"]
[PlyCount "72"]

1. e4 c5 2. Nc3 e6 3. Nf3 Nc6 4. d4 cxd4 5. Nxd4 Nf6 6. Ndb5 Bc5 7. Bf4 O-O 8.
Bc7 Qe7 9. Bd6 Bxd6 10. Qxd6 Qd8 11. O-O-O a6 12. Nd4 Ne7 13. f3 b5 14. g4 Ne8
15. Qg3 b4 16. Nce2 Bb7 17. h4 a5 18. h5 a4 19. g5 b3 20. axb3 axb3 21. Nxb3 d5
22. Nc3 Qb6 23. h6 g6 24. Bh3 Qd6 25. f4 Nc7 26. Qe3 Rfd8 27. Kb1 Nc6 28. exd5
Nxd5 29. Nxd5 exd5 30. Rhe1 d4 31. Qe4 Qc7 32. f5 Nb4 33. Qe2 Bf3 34. Qd2 Bxd1
35. Rxd1 d3 36. c3 Qa7 0-1

[Event "World Rapid 2023"]
[Site "Samarkand UZB"]
[Date "2023.12.28"]
[EventDate "2023.12.26"]
[Round "12.63"]
[Result "1-0"]
[White "Kacper Piorun"]
[Black "Abdimalik Abdisalimov"]
[WhiteElo "2593"]
[BlackElo "2496"]
[PlyCount "58"]

1. d4 Nf6 2. Nf3 e6 3. e3 c5 4. Bd3 b6 5. O-O Bb7 6. c4 cxd4 7. exd4 d5 8. cxd5
Nxd5 9. Nc3 Be7 10. Ne5 O-O 11. Qg4 Nf6 12. Qh4 Nc6 13. Bg5 Re8 14. Bxf6 Bxf6
15. Qxh7+ Kf8 16. Be4 Rc8 17. Rad1 Ba8 18. Qh5 g6 19. Qh7 Bg7 20. f4 Re7 21. d5
exd5 22. Nxd5 Nxe5 23. fxe5 Rxe5 24. Rxf7+ Kxf7 25. Qxg6+ Kg8 26. Qh7+ Kf7 27.
Rf1+ Ke6 28. Qg6+ Kd7 29. Rf7+ 1-0

[Event "World Rapid 2023"]
[Site "Samarkand UZB"]
[Date "2023.12.28"]
[EventDate "2023.12.26"]
[Round "12.64"]
[Result "1/2-1/2"]
[White "Nikita Petrov"]
[Black "Artem Pingin"]
[WhiteElo "2561"]
[BlackElo "2419"]
[PlyCount "174"]

1. d4 d5 2. Nf3 Nf6 3. Bf4 c5 4. e3 Nc6 5. Nbd2 cxd4 6. exd4 Qb6 7. Nb3 Bf5 8.
c3 e6 9. a4 a6 10. a5 Qd8 11. Be2 Nd7 12. O-O Be7 13. Re1 O-O 14. h3 b6 15. axb6
Qxb6 16. Ra2 a5 17. Nc1 Rfc8 18. Bd3 Bxd3 19. Nxd3 Qd8 20. Qe2 Nb6 21. Nfe5 Nxe5
22. Nxe5 Qe8 23. Qg4 a4 24. Re3 Bf8 25. h4 f6 26. Nd3 Rc6 27. h5 Nc4 28. Re2 Rb6
29. Ra1 Qf7 30. Rae1 Re8 31. Bc1 Rc6 32. g3 Rb6 33. Kg2 Rc6 34. Qf3 Rb8 35. Nf4
Rbb6 36. g4 Ra6 37. Kh1 Rcb6 38. Rg1 h6 39. Rge1 Rd6 40. Ng6 Rdc6 41. Kg2 Rab6
42. Qd3 Ra6 43. Nf4 Rab6 44. Qg6 Rd6 45. Nd3 Rdc6 46. Nf4 Rd6 47. Qxf7+ Kxf7 48.
Ng6 Rb7 49. Nh8+ Kg8 50. Ng6 Kf7 51. Nxf8 Kxf8 52. Rxe6 Rxe6 53. Rxe6 Nxb2 54.
Ra6 Nc4 55. Rxa4 Rb3 56. Ra8+ Kf7 57. Ra7+ Kf8 58. Bf4 Rxc3 59. Rd7 Nb6 60. Rb7
Rc6 61. Bd2 Kg8 62. Bb4 Na4 63. Rb8+ Kh7 64. Ra8 Nb2 65. Bf8 Rc7 66. Rd8 Nd3 67.
Kg3 Rf7 68. Bc5 f5 69. f3 fxg4 70. fxg4 Nf4 71. Re8 Nd3 72. Bd6 Nf2 73. Be5 Ne4+
74. Kg2 Nc3 75. Rc8 Ne4 76. Rd8 Nc3 77. Ra8 Ne4 78. Ra5 Rd7 79. Ra8 Rf7 80. Ra5
Rd7 81. Rb5 Nc3 82. Rb8 Rf7 83. Rd8 Nd1 84. Kg3 Nc3 85. Kg2 Nd1 86. Ra8 Ne3+ 87.
Kg3 Nf1+ 1/2-1/2

[Event "World Rapid 2023"]
[Site "Samarkand UZB"]
[Date "2023.12.28"]
[EventDate "2023.12.26"]
[Round "12.65"]
[Result "1-0"]
[White "Akmal Fayzullaev"]
[Black "Chongsheng Zeng"]
[WhiteElo "2367"]
[BlackElo "2577"]
[PlyCount "82"]

1. d4 Nf6 2. c4 g6 3. Nc3 d5 4. Nf3 Bg7 5. Bg5 Ne4 6. cxd5 Nxg5 7. Nxg5 e6 8.
Qd2 exd5 9. Qe3+ Kf8 10. Qf4 Bf6 11. h4 Kg7 12. O-O-O h6 13. Nf3 Be6 14. e3 Nc6
15. Bd3 Be7 16. Bc2 a6 17. Qg3 Bd6 18. Ne5 Ne7 19. h5 g5 20. f4 f6 21. Rdf1 Rf8
22. Ng6 Nxg6 23. hxg6 Rh8 24. Qf2 c6 25. Ne2 h5 26. Ng3 h4 27. Nf5+ Bxf5 28.
Bxf5 Qe7 29. g3 Rae8 30. gxh4 gxh4 31. Rh3 Rh5 32. Rfh1 Reh8 33. Bg4 R5h6 34.
Bf5 Rh5 35. Rxh4 Rxh4 36. Rxh4 Rxh4 37. Qxh4 Qxe3+ 38. Kb1 Qg1+ 39. Kc2 Qg2+ 40.
Kc3 Qf3+ 41. Bd3 1-0

[Event "World Rapid 2023"]
[Site "Samarkand UZB"]
[Date "2023.12.28"]
[EventDate "2023.12.26"]
[Round "12.66"]
[Result "0-1"]
[White "Roman Kezin"]
[Black "Arystan Isanzhulov"]
[WhiteElo "2502"]
[BlackElo "2407"]
[PlyCount "66"]

1. d4 Nf6 2. c4 d6 3. Nf3 g6 4. g3 Bg7 5. Bg2 O-O 6. O-O Bf5 7. Re1 c6 8. Nc3
Ne4 9. Qb3 Qb6 10. Nh4 Nxc3 11. Nxf5 gxf5 12. bxc3 Qxb3 13. axb3 e6 14. b4 Nd7
15. b5 Rfc8 16. Ba3 Nb6 17. bxc6 bxc6 18. Bxd6 Nxc4 19. Bc5 a5 20. Ra4 Nd2 21.
Rd1 Nb3 22. Bd6 Ra6 23. Bf4 Rb6 24. Rb1 Nc5 25. Rxb6 Nxa4 26. Rb3 Bf8 27. e3 c5
28. d5 c4 29. Rb7 Nxc3 30. dxe6 Ne2+ 31. Kf1 Nxf4 32. gxf4 c3 33. e7 Bxe7 0-1

[Event "World Rapid 2023"]
[Site "Samarkand UZB"]
[Date "2023.12.28"]
[EventDate "2023.12.26"]
[Round "12.67"]
[Result "1/2-1/2"]
[White "Van Foreest, Lucas"]
[Black "Mikhail Markov"]
[WhiteElo "2530"]
[BlackElo "2283"]
[PlyCount "60"]

1. c4 e6 2. g3 Nf6 3. Bg2 d5 4. Nf3 Be7 5. d4 O-O 6. Nc3 Nbd7 7. b3 b6 8. cxd5
exd5 9. O-O Bb7 10. Bb2 c5 11. Rc1 Rc8 12. Qc2 Ne4 13. dxc5 Nxc3 14. Qxc3 Bf6
15. Qd2 bxc5 16. Rfd1 Bxb2 17. Qxb2 d4 18. b4 Qb6 19. Rb1 Bxf3 20. Bxf3 Rb8 21.
Qa1 cxb4 22. Rxd4 Ne5 23. a3 a5 24. axb4 axb4 25. Rdxb4 Qxb4 26. Rxb4 Nxf3+ 27.
exf3 Rxb4 28. Qc3 Rfb8 29. Kg2 Rb3 30. Qc4 R3b4 1/2-1/2

[Event "World Rapid 2023"]
[Site "Samarkand UZB"]
[Date "2023.12.28"]
[EventDate "2023.12.26"]
[Round "12.68"]
[Result "0-1"]
[White "Daniyal Sapenov"]
[Black "Elham Amar"]
[WhiteElo "2350"]
[BlackElo "2555"]
[PlyCount "56"]

1. e4 c6 2. d4 d5 3. e5 c5 4. dxc5 e6 5. a3 Bxc5 6. b4 Be7 7. Nf3 f6 8. Bb2 Nd7
9. c4 fxe5 10. cxd5 exd5 11. Bb5 Nf6 12. Nxe5 O-O 13. Bxd7 Bxd7 14. O-O a5 15.
bxa5 Bb5 16. Re1 Ne4 17. Rxe4 dxe4 18. Qb3+ Kh8 19. Qxb5 Bc5 20. Nc3 Bxf2+ 21.
Kh1 Rxa5 22. Qc4 Rxe5 23. Nxe4 Ref5 24. Qc3 Bd4 25. Qxd4 Rf1+ 26. Qg1 Qd3 27.
Nc5 Rxg1+ 28. Rxg1 Qe2 0-1

[Event "World Rapid 2023"]
[Site "Samarkand UZB"]
[Date "2023.12.28"]
[EventDate "2023.12.26"]
[Round "12.69"]
[Result "1-0"]
[White "Stepan Zilka"]
[Black "Mustafokhuja Khusenkhojaev"]
[WhiteElo "2615"]
[BlackElo "2298"]
[PlyCount "76"]

1. e4 e5 2. Nf3 Nc6 3. Bb5 a6 4. Ba4 Nf6 5. O-O Be7 6. Re1 b5 7. Bb3 d6 8. c3
O-O 9. h3 Bb7 10. d4 Re8 11. Nbd2 Bf8 12. a4 h6 13. Bc2 exd4 14. cxd4 Nb4 15.
Bb1 c5 16. d5 Nd7 17. Ra3 c4 18. axb5 axb5 19. Nd4 Qb6 20. Nf5 Rxa3 21. bxa3 Nd3
22. Bxd3 cxd3 23. Nxh6+ gxh6 24. Qg4+ Bg7 25. Qxd7 Rc8 26. Nf3 b4 27. Qg4 Rxc1
28. Rxc1 bxa3 29. e5 Qb2 30. Rf1 a2 31. Qa4 Qb1 32. Nd2 Qc2 33. Qe8+ Kh7 34.
exd6 Bxd5 35. d7 Bc6 36. Ne4 Qe2 37. Ra1 d2 38. Nf6+ 1-0

[Event "World Rapid 2023"]
[Site "Samarkand UZB"]
[Date "2023.12.28"]
[EventDate "2023.12.26"]
[Round "12.70"]
[Result "0-1"]
[White "Roman Shogdzhiev"]
[Black "Vadim Zvjaginsev"]
[WhiteElo "1901"]
[BlackElo "2567"]
[PlyCount "180"]

1. e4 c5 2. Nf3 Nc6 3. Bb5 g6 4. Bxc6 bxc6 5. O-O Bg7 6. Re1 Qc7 7. c3 d6 8. d4
cxd4 9. cxd4 Bg4 10. Be3 Nf6 11. Nbd2 O-O 12. Qc2 Rfc8 13. Rac1 Nd7 14. h3 Bxf3
15. Nxf3 Qb7 16. b3 a5 17. a4 c5 18. d5 Rab8 19. Nd2 Qb4 20. Rb1 Qc3 21. Rec1
Qxc2 22. Rxc2 Nb6 23. Rbc1 f5 24. f3 fxe4 25. fxe4 Nd7 26. Rb1 Ne5 27. Bf4 Nd3
28. Be3 Nb4 29. Rcc1 Na2 30. Rc4 Rb7 31. Kf1 Rcb8 32. Rc2 Nb4 33. Rcc1 Nd3 34.
Rc2 Rb4 35. Ke2 Ne5 36. Rbc1 h6 37. Bf4 Nd7 38. Rc4 g5 39. Bg3 R4b7 40. Bh2 Be5
41. Bxe5 Nxe5 42. R4c3 Rb4 43. Ke3 Rf8 44. Ke2 Rd4 45. Ke3 Rf4 46. Ke2 Kg7 47.
Ke3 h5 48. Re1 Kh6 49. Rec1 h4 50. Re1 Kh5 51. Rec1 Kg6 52. Re1 Rb4 53. Rec1 Rf8
54. Nf3 Nxf3 55. gxf3 Rfb8 56. f4 Rxb3 57. Kf3 Kh5 58. fxg5 Rxc3+ 59. Rxc3 Kxg5
60. e5 Kf5 61. exd6 exd6 62. Re3 Rb4 63. Re6 Rxa4 64. Rxd6 Ra3+ 65. Kg2 Ke5 66.
Rd8 Rg3+ 67. Kh2 Rg6 68. Ra8 Kxd5 69. Rxa5 Kd4 70. Ra8 Rf6 71. Rd8+ Kc3 72. Kg2
c4 73. Re8 Rf4 74. Rg8 Kd3 75. Rd8+ Kc2 76. Rg8 c3 77. Rc8 Kd2 78. Rd8+ Kc1 79.
Rc8 c2 80. Rb8 Kd2 81. Rd8+ Kc3 82. Rc8+ Rc4 83. Rf8 c1=Q 84. Rf3+ Kb4 85. Rf2
Qg5+ 86. Kf1 Rc1+ 87. Ke2 Rc2+ 88. Kf1 Qb5+ 89. Kg2 Qc6+ 90. Kf1 Qh1# 0-1

[Event "World Rapid 2023"]
[Site "Samarkand UZB"]
[Date "2023.12.28"]
[EventDate "2023.12.26"]
[Round "12.71"]
[Result "1-0"]
[White "Raymond Song"]
[Black "Surya Shekhar Ganguly"]
[WhiteElo "2503"]
[BlackElo "2578"]
[PlyCount "100"]

1. d4 Nf6 2. c4 e6 3. Nf3 d5 4. g3 Be7 5. Bg2 O-O 6. O-O c5 7. cxd5 exd5 8. dxc5
Bxc5 9. Bg5 Nc6 10. Qc1 Be7 11. Rd1 h6 12. Be3 Be6 13. Nc3 Rc8 14. Nd4 Nxd4 15.
Bxd4 Qa5 16. Qd2 Rfd8 17. Rac1 Kf8 18. a3 Qa6 19. Qe3 b6 20. h3 Bc5 21. Qf4 Bxd4
22. Rxd4 Rc4 23. Rcd1 Qc8 24. g4 Rxd4 25. Rxd4 Rd7 26. Bf3 Qc7 27. e3 Qd8 28.
Kg2 Ng8 29. Bd1 a6 30. Be2 Qc8 31. Bxa6 Qa8 32. Bb5 Rd8 33. Qc7 Ne7 34. Qxb6 Rb8
35. Qc5 Rc8 36. Qd6 Rd8 37. Qb4 h5 38. Ne2 hxg4 39. hxg4 Qc8 40. Ng3 f6 41. a4
Kf7 42. Qc3 Qb8 43. Bd3 Rc8 44. Qd2 Nc6 45. Rf4 g5 46. Rf5 Ne5 47. Be2 Rh8 48.
Qd4 Rh4 49. a5 Qh8 50. Qxe5 1-0

[Event "World Rapid 2023"]
[Site "Samarkand UZB"]
[Date "2023.12.28"]
[EventDate "2023.12.26"]
[Round "12.72"]
[Result "1-0"]
[White "Grzegorz Nasuta"]
[Black "Giovanni Vescovi"]
[WhiteElo "2579"]
[BlackElo "2584"]
[PlyCount "70"]

1. e4 c6 2. d4 d5 3. e5 Bf5 4. Nf3 e6 5. Be2 Ne7 6. O-O Nc8 7. a4 Be7 8. a5 a6
9. Ne1 c5 10. c3 Nc6 11. dxc5 Bxc5 12. Bd3 Bg6 13. Bf4 N8e7 14. Nd2 Ba7 15. Nb3
Bb8 16. Qe2 Bc7 17. h4 Nxa5 18. Nxa5 Bxa5 19. h5 Bf5 20. Bg5 Bc7 21. Bxf5 exf5
22. h6 gxh6 23. Bf6 Rg8 24. Nd3 Qd7 25. Rfe1 Rg4 26. e6 Qxe6 27. Qxe6 fxe6 28.
f3 Rg6 29. Rxe6 O-O-O 30. Rae1 Re8 31. Rxe7 Reg8 32. Re8+ Rxe8 33. Rxe8+ Kd7 34.
Rf8 Bd6 35. Ne5+ 1-0

[Event "World Rapid 2023"]
[Site "Samarkand UZB"]
[Date "2023.12.28"]
[EventDate "2023.12.26"]
[Round "12.73"]
[Result "0-1"]
[White "Vasquez Schroeder, Rodrigo"]
[Black "Artem Uskov"]
[WhiteElo "2475"]
[BlackElo "2392"]
[PlyCount "42"]

1. e4 c5 2. Nf3 e6 3. d4 cxd4 4. Nxd4 Nc6 5. Nb5 d6 6. c4 Nf6 7. N1c3 a6 8. Na3
Be7 9. Be2 O-O 10. O-O Qc7 11. Be3 b6 12. Rc1 Bb7 13. Nd5 exd5 14. cxd5 Rfc8 15.
dxc6 Bxc6 16. Nc4 Rab8 17. Qd4 Nxe4 18. Nxb6 Bf6 19. Qc4 Rxb6 20. Bxb6 Qxb6 21.
Qxe4 Bxe4 0-1

[Event "World Rapid 2023"]
[Site "Samarkand UZB"]
[Date "2023.12.28"]
[EventDate "2023.12.26"]
[Round "12.74"]
[Result "1-0"]
[White "Amilal Munkhdalai"]
[Black "Denis Khismatullin"]
[WhiteElo "2388"]
[BlackElo "2579"]
[PlyCount "84"]

1. e4 c5 2. Nf3 e6 3. b3 d6 4. d4 cxd4 5. Nxd4 Nf6 6. Bd3 b6 7. O-O Bb7 8. Qe2
Nbd7 9. c4 Nc5 10. Nc3 Nxd3 11. Qxd3 Be7 12. Bb2 O-O 13. Rfe1 Rc8 14. Rad1 a6
15. Qg3 Re8 16. e5 Nh5 17. Qg4 g6 18. Re3 Ng7 19. Red3 Rc5 20. f4 Qb8 21. Na4
Ra5 22. Ba3 dxe5 23. Bxe7 exd4 24. Rxd4 Qc7 25. Bd6 Qc6 26. Be5 Rxe5 27. fxe5 b5
28. Rd6 Qc7 29. Nb6 Nf5 30. Nd7 Kg7 31. c5 Qa5 32. Nf6 Rf8 33. Qe2 Qc3 34. Qf2
Nxd6 35. cxd6 Qxe5 36. Nd7 Qh5 37. Rf1 Rd8 38. Qf6+ Kh6 39. Ne5 Rf8 40. Nxf7+
Rxf7 41. Qxf7 Qd5 42. Qf8+ 1-0

[Event "World Rapid 2023"]
[Site "Samarkand UZB"]
[Date "2023.12.28"]
[EventDate "2023.12.26"]
[Round "12.75"]
[Result "1-0"]
[White "Ilia Iljiushenok"]
[Black "Aldiyar Ansat"]
[WhiteElo "2547"]
[BlackElo "2434"]
[PlyCount "80"]

1. e4 c5 2. c3 d5 3. exd5 Nf6 4. Bb5+ Nbd7 5. d4 a6 6. Be2 Nxd5 7. Nf3 e6 8. c4
N5f6 9. Nc3 Be7 10. O-O O-O 11. Bf4 cxd4 12. Qxd4 b6 13. Ne5 Bb7 14. Nxd7 Qxd7
15. Qxb6 Qc8 16. Rfd1 a5 17. Qc7 Bc5 18. Qxc8 Rfxc8 19. b3 Bc6 20. Bd6 Bb4 21.
Rac1 Rd8 22. c5 Ne8 23. Be7 Rxd1+ 24. Nxd1 a4 25. Ne3 axb3 26. axb3 Ra2 27. Bf3
Bb5 28. h3 f6 29. Nc4 Ra6 30. Nd6 Nxd6 31. Bxd6 e5 32. Bd5+ Kh8 33. Bc4 Bxc4 34.
Rxc4 Ra1+ 35. Kh2 Be1 36. Ra4 Rxa4 37. bxa4 Bb4 38. c6 Bxd6 39. a5 e4+ 40. g3 1-0

[Event "World Rapid 2023"]
[Site "Samarkand UZB"]
[Date "2023.12.28"]
[EventDate "2023.12.26"]
[Round "12.76"]
[Result "1-0"]
[White "Renato Terry"]
[Black "Bobir Sattarov"]
[WhiteElo "2522"]
[BlackElo "2353"]
[PlyCount "118"]

1. Nf3 d5 2. c4 d4 3. b4 a5 4. b5 c5 5. g3 g6 6. Bg2 Bg7 7. d3 e5 8. Nbd2 Ne7 9.
Ne4 Qc7 10. Bg5 Nd7 11. b6 Qxb6 12. Rb1 Qc7 13. Bxe7 Kxe7 14. g4 b6 15. Ng3 Bb7
16. O-O Rhe8 17. e3 Kf8 18. Ng5 Kg8 19. Bxb7 Qxb7 20. N5e4 Qc6 21. g5 Rad8 22.
Qf3 Re6 23. Rb5 Rf8 24. Kg2 Qa8 25. Rbb1 h6 26. h4 h5 27. Rh1 Qd8 28. Rbf1 Nb8
29. Qe2 Nc6 30. a3 a4 31. Qc2 Qa8 32. Rb1 Rd8 33. Rhd1 Qa7 34. Rb5 Re7 35. Rdb1
Red7 36. Rd1 Na5 37. Qxa4 dxe3 38. Nxc5 Qa8+ 39. Nce4 Rxd3 40. Rxd3 Rxd3 41. Rd5
Rxd5 42. cxd5 Qxd5 43. fxe3 Nc4 44. Kf2 b5 45. Qa6 Qd3 46. Qxb5 Qxe3+ 47. Kg2
Nd2 48. Nxd2 Qxd2+ 49. Kh3 Qf4 50. a4 Bf8 51. a5 Bd6 52. Qe2 Bb8 53. a6 Kg7 54.
Qe4 Qc1 55. Qb7 Qf4 56. Qxb8 Qg4+ 57. Kg2 Qxh4 58. Qxe5+ Kh7 59. Qd5 1-0

[Event "World Rapid 2023"]
[Site "Samarkand UZB"]
[Date "2023.12.28"]
[EventDate "2023.12.26"]
[Round "12.78"]
[Result "1/2-1/2"]
[White "Saidakbar Saydaliev"]
[Black "Mamikon Gharibyan"]
[WhiteElo "2426"]
[BlackElo "2504"]
[PlyCount "92"]

1. e4 c5 2. Nf3 Nc6 3. Bb5 g6 4. Bxc6 dxc6 5. O-O Bg7 6. h3 Nf6 7. d3 Nd7 8. Nc3
e5 9. Be3 b6 10. Qd2 h6 11. Nh2 Nf8 12. f4 exf4 13. Bxf4 Ne6 14. Be3 Nd4 15. Nd1
Qe7 16. c3 Ne6 17. Nf2 Ba6 18. a4 Rd8 19. Qc2 O-O 20. a5 b5 21. Rae1 Kh7 22. Nf3
b4 23. e5 bxc3 24. bxc3 c4 25. d4 c5 26. dxc5 Nxc5 27. Bxc5 Qxc5 28. e6 Rd3 29.
Kh1 Rxc3 30. Ne4 Rxc2 31. Nxc5 Bb5 32. exf7 c3 33. Ne6 Bxf1 34. Nxf8+ Bxf8 35.
Rxf1 Re2 36. Nd4 Re4 37. Nc2 Kg7 38. Rf3 Rc4 39. Kg1 Rc5 40. g4 Rxa5 41. Nd4 Re5
42. Rxc3 Kxf7 43. Nc6 Bc5+ 44. Kg2 Rd5 45. Nxa7 Rd2+ 46. Kf3 Bxa7 1/2-1/2

[Event "World Rapid 2023"]
[Site "Samarkand UZB"]
[Date "2023.12.28"]
[EventDate "2023.12.26"]
[Round "12.79"]
[Result "1/2-1/2"]
[White "Ernur Amangeldy"]
[Black "Sinisa Drazic"]
[WhiteElo "2134"]
[BlackElo "2264"]
[PlyCount "120"]

1. d4 d5 2. c4 dxc4 3. Nf3 Nf6 4. e3 Be6 5. Na3 Bd5 6. Nxc4 e6 7. Be2 c5 8. O-O
Nc6 9. dxc5 Bxc5 10. a3 a5 11. b3 O-O 12. Bb2 Qe7 13. Qc2 Ne4 14. Rac1 f5 15. a4
Rac8 16. Qb1 h6 17. Qa1 Rfd8 18. Rfd1 Kh7 19. Bf1 Ng5 20. Nxg5+ Qxg5 21. g3 Bf3
22. Rxd8 Rxd8 23. Bg2 Bxg2 24. Kxg2 Rd3 25. Ne5 Nxe5 26. Bxe5 b6 27. Rd1 Rxd1
28. Qxd1 Qe7 29. Qf3 Qd7 30. e4 Kg8 31. h4 fxe4 32. Qxe4 h5 33. Qf3 Qd5 34. Qxd5
exd5 35. Kf3 Kf7 36. Ke2 g6 37. f3 Ke6 38. Bf4 Kf5 39. Kd3 Ke6 40. Bc7 Kd7 41.
Be5 Ke6 42. Bd4 Kd6 43. Bb2 Bf2 44. Bd4 Bxg3 45. Bxb6 Bxh4 46. Bxa5 Bg3 47. b4
h4 48. Ke2 h3 49. Kf1 Be1 50. Kg1 d4 51. Bb6 d3 52. Be3 Bxb4 53. Kh2 d2 54. Bxd2
Bxd2 55. Kxh3 Ke6 56. Kg4 Kf6 57. f4 Ba5 58. Kf3 Kf5 59. Kg3 Bb6 60. Kf3 Bc7 1/2-1/2

[Event "World Rapid 2023"]
[Site "Samarkand UZB"]
[Date "2023.12.28"]
[EventDate "2023.12.26"]
[Round "12.80"]
[Result "1-0"]
[White "Mikhail Bryakin"]
[Black "Eldiar Orozbaev"]
[WhiteElo "2486"]
[BlackElo "2305"]
[PlyCount "102"]

1. d4 d5 2. Bf4 Nf6 3. Nc3 a6 4. e3 e6 5. g4 c5 6. g5 Nfd7 7. Qg4 Nc6 8. O-O-O
b5 9. Qg3 b4 10. Na4 c4 11. e4 b3 12. axb3 cxb3 13. Qxb3 Be7 14. exd5 exd5 15.
Bg2 O-O 16. Bxd5 Bxg5 17. Nh3 Bxf4+ 18. Nxf4 Rb8 19. Qg3 Ne7 20. Rhg1 Nf5 21.
Qd3 Nf6 22. Bb3 Qc7 23. Ne2 Qxh2 24. Ng3 Nxg3 25. Qxg3 Qh6+ 26. Qe3 Qxe3+ 27.
fxe3 h5 28. Nc5 h4 29. Rg5 Nh7 30. Rh5 Bg4 31. Rxh4 Bxd1 32. Kxd1 g5 33. Rh1
Rfe8 34. e4 Rbd8 35. c3 Nf6 36. Bc2 Kg7 37. Rg1 Kh6 38. Kc1 Nh5 39. b4 Nf4 40.
Kd2 f5 41. exf5 Re2+ 42. Kd1 Rh2 43. Ne4 Re8 44. Nf6 Ne2 45. Rf1 Nxc3+ 46. Kc1
Ne2+ 47. Kb1 Nc3+ 48. Kb2 Na4+ 49. Kb3 Rxc2 50. Nxe8 Re2 51. Rh1+ 1-0

[Event "World Rapid 2023"]
[Site "Samarkand UZB"]
[Date "2023.12.28"]
[EventDate "2023.12.26"]
[Round "12.81"]
[Result "1-0"]
[White "Rinat Jumabayev"]
[Black "Faustino Oro"]
[WhiteElo "2598"]
[BlackElo "2357"]
[PlyCount "170"]

1. Nf3 Nf6 2. c4 e6 3. g3 b6 4. Bg2 Bb7 5. O-O d5 6. cxd5 exd5 7. d4 Bd6 8. Nc3
a6 9. Nh4 O-O 10. Nf5 Bb4 11. Qc2 Re8 12. Bf4 Nbd7 13. Rad1 Nf8 14. a3 Bxc3 15.
Qxc3 Ne6 16. Bc1 Qd7 17. Qf3 Qd8 18. h4 Ne4 19. g4 f6 20. Qh3 Qd7 21. Rfe1 Rad8
22. f3 Nd6 23. Qg3 c5 24. Nxd6 Qxd6 25. Qxd6 Rxd6 26. dxc5 bxc5 27. f4 Red8 28.
f5 Nd4 29. b4 Nc2 30. bxc5 Nxe1 31. cxd6 Nxg2 32. Kxg2 Rxd6 33. Kf2 Kf7 34. Be3
Bc6 35. Bc5 Rd8 36. Bd4 Bb5 37. Rc1 Re8 38. e3 Bc4 39. Rb1 Bb5 40. Rb4 Rc8 41.
g5 Rc1 42. Kg2 Rc2+ 43. Kg3 Rc1 44. gxf6 gxf6 45. Kg2 Rc2+ 46. Kg3 h5 47. Rb1
Ra2 48. Rb3 Ke7 49. Bb2 Kf7 50. Rb4 Ke7 51. Kf3 Bc6 52. Kf4 Bb5 53. e4 dxe4 54.
Kxe4 Bc6+ 55. Ke3 Bd7 56. Kd2 Bxf5 57. Kc1 Bg6 58. Rb6 a5 59. Bxf6+ Kd7 60. Bb2
Bf5 61. Rb5 Ke6 62. Rxa5 Bg6 63. Ra6+ Kf7 64. Rf6+ Kg7 65. Rb6+ Kf7 66. Rb5 Ke6
67. Re5+ Kf7 68. Rg5 Be4 69. Rxh5 Kg6 70. Rg5+ Kh6 71. Re5 Bh7 72. Rd5 Be4 73.
Rc5 Bh7 74. Rb5 Be4 75. Kd2 Bg6 76. Kc3 Bf7 77. Rg5 Be6 78. Kc2 Bf7 79. Kb1 Bc4
80. Rc5 Bf7 81. Ra5 Bb3 82. Re5 Bg8 83. Re8 Bd5 84. Rh8+ Kg6 85. h5+ 1-0

[Event "World Rapid 2023"]
[Site "Samarkand UZB"]
[Date "2023.12.28"]
[EventDate "2023.12.26"]
[Round "12.82"]
[Result "1-0"]
[White "Jakub Seemann"]
[Black "Johan-Sebastian Christiansen"]
[WhiteElo "2441"]
[BlackElo "2618"]
[PlyCount "94"]

1. d4 Nf6 2. c4 c5 3. d5 b5 4. cxb5 a6 5. bxa6 g6 6. Nc3 Bxa6 7. e4 Bxf1 8. Kxf1
d6 9. g3 Bg7 10. Kg2 O-O 11. Nf3 Nbd7 12. a4 Ra6 13. Nd2 Qa8 14. Nc4 Rb8 15. Ra3
Ne8 16. Nb5 Qb7 17. Bd2 Rba8 18. Qc2 e6 19. dxe6 fxe6 20. Re1 Ndf6 21. f3 d5 22.
e5 Nd7 23. Ncd6 Qc6 24. f4 Bf8 25. Kg1 Ng7 26. b4 cxb4 27. Qxc6 Rxc6 28. Bxb4
Nb6 29. Rea1 Nc4 30. R3a2 g5 31. a5 gxf4 32. gxf4 Nh5 33. Nd4 Rxd6 34. Bxd6 Nxd6
35. exd6 Nxf4 36. Nb5 Ra6 37. d7 Be7 38. Rc2 Kf7 39. Rc8 d4 40. d8=Q Bxd8 41.
Rxd8 d3 42. Nc7 Ra7 43. Rd7+ Kg6 44. Nxe6 Ne2+ 45. Kf2 Ra6 46. Rxd3 Rxe6 47. Re3 1-0